Vista normal Vista MARC

Entrada Término temático

Número de registros utilizados en: 260

001 - NÚMERO DE CONTROL

  • campo de control: 217883

003 - IDENTIFICADOR DEL NÚMERO DE CONTROL

  • campo de control: CO-MdUADB

005 - FECHA Y HORA DE LA ÚLTIMA TRANSACCIÓN

  • campo de control: 20250131091743.0

008 - DATOS DE LONGITUD FIJA

  • campo de control de longitud fija: 230418nn azznnbabn a ana d

040 ## - FUENTE DE LA CATALOGACIÓN

  • Centro catalogador/agencia de origen: CO-MdUADB
  • Lengua de catalogación: spa
  • Centro/agencia transcriptor: CO-MdUADB
  • Normas de descripción: rda
  • Convención/Normas de encabezamiento de materia/tesauro: lemb

150 ## - ENCABEZAMIENTO--TÉRMINO DE MATERIA

  • Término de materia o nombre geográfico como elemento de entrada: Personas desaparecidas
  • Subdivisión geográfica: Colombia

450 ## - TRAZADO DE VÉASE--TÉRMINO DE MATERIA

  • Término de materia o nombre geográfico como elemento de entrada: Desapariciones
  • Subdivisión geográfica: Colombia

450 ## - TRAZADO DE VÉASE--TÉRMINO DE MATERIA

  • Término de materia o nombre geográfico como elemento de entrada: Desaparición de personas
  • Subdivisión geográfica: Colombia

450 ## - TRAZADO DE VÉASE--TÉRMINO DE MATERIA

  • Término de materia o nombre geográfico como elemento de entrada: Desaparecidos
  • Subdivisión geográfica: Colombia

450 ## - TRAZADO DE VÉASE--TÉRMINO DE MATERIA

  • Término de materia o nombre geográfico como elemento de entrada: Desaparición
  • Subdivisión general: Forzada
  • Subdivisión geográfica: Colombia

450 ## - TRAZADO DE VÉASE--TÉRMINO DE MATERIA

  • Término de materia o nombre geográfico como elemento de entrada: Desaparición forzosa
  • Subdivisión geográfica: Colombia

450 ## - TRAZADO DE VÉASE--TÉRMINO DE MATERIA

  • Término de materia o nombre geográfico como elemento de entrada: Desaparición forzada
  • Subdivisión geográfica: Colombia